Practical guide to payment of wages: (Record no. 12358)
[ view plain ]
| 000 -LEADER | |
|---|---|
| fixed length control field | 03256 a2200373 4500 |
| 005 - DATE AND TIME OF LATEST TRANSACTION | |
| control field | 20090424112353.0 |
| 008 - FIXED-LENGTH DATA ELEMENTS--GENERAL INFORMATION | |
| fixed length control field | 090424t xxu||||| |||| 00| 0 eng d |
| 010 ## - LCCN (DPL NO) | |
| LC control number | ENG-89493 B-308537-545 |
| 020 ## - INTERNATIONAL STANDARD BOOK NUMBER | |
| Terms of availability | 225.00 |
| International Standard Book Number | 8175346277 |
| 035 ## - SYSTEM CONTROL NUMBER | |
| System control number | EN-73026 B-308537-545 |
| 037 ## - SOURCE OF ACQUISITION | |
| Source of stock number/acquisition | DBAD / PUB Universal Law Publishing |
| 040 ## - CATALOGING SOURCE | |
| Original cataloging agency | dpl |
| Language of cataloging | English |
| 082 ## - DEWEY DECIMAL CLASSIFICATION NUMBER | |
| Classification number | 344.540121 |
| 100 ## - MAIN ENTRY--PERSONAL NAME | |
| Personal name | Kumar, H.L. |
| 245 ## - TITLE STATEMENT | |
| Title | Practical guide to payment of wages: |
| Statement of responsibility, etc | byH.L. Kumar [and] Gaurav Kumar |
| Remainder of title | act & rules/ |
| 250 ## - EDITION STATEMENT | |
| Edition statement | 2nd ed |
| 260 ## - PUBLICATION, DISTRIBUTION, ETC. (IMPRINT) | |
| Place of publication, distribution, etc | Delhi |
| Name of publisher, distributor, etc | Universal Law Publishing |
| Date of publication, distribution, etc | 2007 |
| 270 ## - ADDRESS | |
| Address | C-FF-1A, Dilkhush Induatrial Estate, Opp. Hans Cinema, G. T. Karnal Raod, Azadpur |
| City | Delhi |
| Postal code | 110033 |
| 300 ## - PHYSICAL DESCRIPTION | |
| Extent | xxiv, 233p. |
| Dimensions | 24 cm (pbk) |
| 500 ## - GENERAL NOTE | |
| General note | Includes index |
| 700 ## - ADDED ENTRY--PERSONAL NAME | |
| Personal name | Gaurav Kumar |
| 942 ## - ADDED ENTRY ELEMENTS (KOHA) | |
| Institution code [OBSOLETE] | dpl |
| Item type | English Books |
| Call number prefix | 344.540121/ KUM |
| Source of classification or shelving scheme | Dewey Decimal Classification |
| Classification part | 344.540121 |
| Call number suffix | KUM |
| Withdrawn status | Lost status | Source of classification or shelving scheme | Damaged status | Not for loan | Home library | Current library | Date acquired | Cost, normal purchase price | Total Checkouts | Barcode | Date last seen | Cost, replacement price | Koha item type | Collection code | Source of acquisition | Full call number | Copy number | Total Renewals |
|---|---|---|---|---|---|---|---|---|---|---|---|---|---|---|---|---|---|---|
| Dewey Decimal Classification | Bawana | Bawana | 24/04/2009 | 225.00 | 1 | B-308544 | 23/08/2023 | 225.00 | English Books | Non-fiction | Universal Law Publishing/27848/23.12.08/268/12.12.08/23.12.08 | 344.540121 KUM | 1 | |||||
| Dewey Decimal Classification | Central Library | Central Library | 24/04/2009 | 225.00 | 2 | B-308537 | 03/04/2019 | 225.00 | English Books | Non-fiction | Universal Law Publishing/27848/23.12.08/268/12.12.08/23.12.08 | 344.540121 KUM | 1 | |||||
| Dewey Decimal Classification | Andrews Gunj | D.B.Act.Division | 01/10/2008 | 225.00 | EN-73026 | 15/09/2008 | 225.00 | English Books | ||||||||||
| Dewey Decimal Classification | Mobile Library | Mobile Library | 24/04/2009 | 225.00 | B-308538 | 24/04/2009 | 225.00 | English Books | Non-fiction | Universal Law Publishing/27848/23.12.08/268/12.12.08/23.12.08 | 344.540121 KUM | 2 | ||||||
| Dewey Decimal Classification | Mobile Library | Mobile Library | 24/04/2009 | 225.00 | B-308539 | 24/04/2009 | 225.00 | English Books | Non-fiction | Universal Law Publishing/27848/23.12.08/268/12.12.08/23.12.08 | 344.540121 KUM | 2 | ||||||
| Dewey Decimal Classification | Patel Nagar | Patel Nagar | 24/04/2009 | 225.00 | B-308540 | 24/04/2009 | 225.00 | English Books | Non-fiction | Universal Law Publishing/27848/23.12.08/268/12.12.08/23.12.08 | 344.540121 KUM | 1 | ||||||
| Dewey Decimal Classification | Peshwa Road | Peshwa Road | 24/04/2009 | 225.00 | B-308541 | 24/04/2009 | 225.00 | English Books | Non-fiction | Universal Law Publishing/27848/23.12.08/268/12.12.08/23.12.08 | 344.540121 KUM | 1 | ||||||
| Dewey Decimal Classification | Sarojini Nagar | Sarojini Nagar | 24/04/2009 | 225.00 | 8 | B-308542 | 13/10/2021 | 225.00 | English Books | Non-fiction | Universal Law Publishing/27848/23.12.08/268/12.12.08/23.12.08 | 344.540121 KUM | 1 | 2 | ||||
| Dewey Decimal Classification | Shahdara Branch | Shahdara Branch | 24/04/2009 | 225.00 | 2 | B-308545 | 25/10/2021 | 225.00 | English Books | Non-fiction | Universal Law Publishing/27848/23.12.08/268/12.12.08/23.12.08 | 344.540121 KUM | 1 | 2 | ||||
| Dewey Decimal Classification | Vinoba Puri | Vinoba Puri | 24/04/2009 | 225.00 | 5 | B-308543 | 28/12/2010 | 225.00 | English Books | Non-fiction | Universal Law Publishing/27848/23.12.08/268/12.12.08/23.12.08 | 344.540121 KUM | 1 | 5 |
